Il politecnico

Elmentve itt :
Bibliográfiai részletek
Szerző: Mészáros Katalin
További közreműködők: Neményi Kázmér (Témavezető)
Dokumentumtípus: Disszertáció
Megjelent: 1983
Kulcsszavak:Olasz irodalom
Tárgyszavak:
Online Access:http://doktori.ek.szte.hu/6510
LEADER 00664nta a2200205 i 4500
001 dokt6510
005 20211115110652.0
008 211115s1983 hu om 0|| hun d
040 |a SZTE Doktori Repozitórium  |b hun 
041 |a hun 
100 1 |a Mészáros Katalin 
245 1 0 |a Il politecnico  |h [elektronikus dokumentum] /  |c  Mészáros Katalin 
260 |c 1983 
502 |a Disszertacio 
650 4 |a bölcsészettudományok 
650 4 |a Bölcsészettudományok 
650 4 |a Nyelvek és irodalom 
695 |a Olasz irodalom 
700 1 |a Neményi Kázmér  |e ths 
856 4 0 |u https://doktori.bibl.u-szeged.hu/id/eprint/6510/1/1983_meszaros_katalin.pdf  |z Dokumentum-elérés